|
|
|
|
| LEADER |
00790nnm a2200229 i 4500 |
| 001 |
eta4292 |
| 005 |
20201212130928.0 |
| 008 |
201212suuuu hu o 0|| eng d |
| 040 |
|
|
|a SZTE Elektronikus Tananyag Archívum
|b hun
|
| 041 |
|
|
|a eng
|
| 100 |
1 |
|
|a Kocsis Péter Balázs
|
| 245 |
1 |
0 |
|a Early detection of retinal ganglion cell damage in glaucoma and ocular hypertensive patients
|h [elektronikus dokumentum] /
|c Kocsis Péter Balázs
|
| 300 |
|
|
|a 1
|
| 516 |
|
|
|a Teaching_resource
|
| 650 |
|
4 |
|a Orvos- és egészségtudomány
|
| 650 |
|
4 |
|a Klinikai orvostan
|
| 650 |
|
4 |
|a Szemészet
|
| 695 |
|
|
|a szemészet
|
| 700 |
0 |
1 |
|a Vanya Melinda
|e aut
|
| 700 |
0 |
1 |
|a Janaky M.
|e aut
|
| 700 |
0 |
1 |
|a Facskó Andrea
|e aut
|
| 856 |
4 |
0 |
|u https://eta.bibl.u-szeged.hu/4292/1/2010-0012_139_01.pdf
|z Dokumentum-elérés
|